US-Bundesstaaten - Bundesstaat zur Abkürzung - Statistiken

Allgemein
  • Dieses Quiz wurde 318 mal gespielt
  • Das Durchschnittsergebnis liegt bei 46 aus 50
Antwortstatistiken
Bundesstaat Abkürzung % Korrekt
Alabama AL
99%
Arizona AZ
98%
Colorado CO
97%
Alaska AK
96%
Arkansas AR
96%
Florida FL
96%
Idaho ID
96%
Illinois IL
96%
Indiana IN
96%
Kalifornien CA
95%
Delaware DE
95%
Hawaii HI
94%
Kansas KS
94%
North Carolina NC
94%
North Dakota ND
94%
New Hampshire NH
94%
New Jersey NJ
94%
New Mexico NM
94%
New York NY
94%
Ohio OH
94%
Oklahoma OK
94%
Connecticut CT
93%
Iowa IA
93%
Maine ME
93%
Michigan MI
93%
Nevada NV
93%
Oregon OR
93%
Georgia GA
92%
Kentucky KY
92%
Louisiana LA
92%
Montana MT
92%
Nebraska NE
92%
South Carolina SC
92%
Massachusetts MA
91%
Minnesota MN
91%
Missouri MO
91%
Mississippi MS
91%
Rhode Island RI
91%
South Dakota SD
91%
Maryland MD
90%
Pennsylvania PA
88%
Utah UT
88%
Tennessee TN
87%
Texas TX
87%
Vermont VT
87%
Wisconsin WI
86%
Wyoming WY
86%
Washington WA
85%
West Virginia WV
85%
Virginia VA
84%
Keine übereinstimmenden Quizze gefunden
Verteilung der Resultate
Anzahl Personen mit jedem Resultat
Perzentil nach korrekt beantworteten Fragen
Ihre Resultats-Entwicklung
Sie haben dieses Quiz noch nicht gespielt